Les Hongrois et l'Europe Conquête et intégration /

Elmentve itt :
Bibliográfiai részletek
Szerzők: Csernus Sándor
Korompay Klára
Dokumentumtípus: Könyv
Megjelent: Université de Szeged (JATE); Paris III - Sorbonne Nouvelle (CIEH) Institut Hongrois de Paris Szeged, Magyarország; Paris, France 1999
Sorozat:Publications de l'Institut Hongrois de Paris
mtmt:1952052
Online Access:http://publicatio.bibl.u-szeged.hu/4997
LEADER 00793nam a2200193 i 4500
001 publ4997
005 20190402145811.0
008 150305s1999 hu o 0|| magyar d
020 |a 963-482-394-7 
024 7 |a 1952052  |2 mtmt 
040 |a SZTE Publicatio Repozitórium  |b hun 
041 |a magyar 
100 1 |a Csernus Sándor 
245 1 4 |a Les Hongrois et l'Europe   |h [elektronikus dokumentum] :  |b Conquête et intégration /  |c  Csernus Sándor 
260 |a Université de Szeged (JATE); Paris III - Sorbonne Nouvelle (CIEH) Institut Hongrois de Paris  |b Szeged, Magyarország; Paris, France  |c 1999 
300 |a 499 
490 0 |a Publications de l'Institut Hongrois de Paris 
700 0 1 |a Korompay Klára  |e aut 
856 4 0 |u http://publicatio.bibl.u-szeged.hu/4997/1/csernus_les_hongrois.pdf  |z Dokumentum-elérés